00249nam a22000857a 4500082001800000245005600018300001000074880003200084880004700116 a891.4393bSHE aKuliyat e shamsul Rehman Farooqui/bBy:Shehnaz Nabi a544p. 6100-01\raشہناز نبی 6245-02\raکلیات شمس الرحمٰن